书目信息 |
| 题名: |
图说蝎子高产高效养殖关键技术
|
|
| 作者: | 李全立 , 李少函 编著 | |
| 分册: | ||
| 出版信息: | 郑州 河南科学技术出版社 2019 |
|
| 页数: | 126页 | |
| 开本: | 21cm | |
| 丛书名: | ||
| 单 册: | ||
| 中图分类: | S865.4-64 | |
| 科图分类: | ||
| 主题词: | 全蝎--养殖--图解 | |
| 电子资源: | ||
| ISBN: | 978-7-5349-9451-7 | |
| 000 | 00875nam0 2200265 450 | |
| 001 | 012001003031 | |
| 005 | 20191204104142.17 | |
| 010 | @a978-7-5349-9451-7@dCNY19.80 | |
| 100 | @a20190520d2019 em y0chiy50 ea | |
| 101 | 0 | @achi |
| 102 | @aCN@b410000 | |
| 105 | @aa z 000yy | |
| 106 | @ar | |
| 200 | 1 | @a图说蝎子高产高效养殖关键技术@9tu shuo xie zi gao chan gao xiao yang zhi guan jian ji shu@f李全立,李少函编著 |
| 205 | @a3版 | |
| 210 | @a郑州@c河南科学技术出版社@d2019 | |
| 215 | @a126页@d21cm | |
| 300 | @a特种养殖致富快车 | |
| 330 | @a本书基于编著者的宝贵养殖经验,通过图文并茂的方式重点介绍了蝎子的不同养殖方式、注意事项、病害防治等。 | |
| 606 | 0 | @a全蝎@x养殖@j图解 |
| 690 | @aS865.4-64@v5 | |
| 701 | 0 | @a李全立@9li quan li@4编著 |
| 701 | 0 | @a李少函@9li shao han@4编著 |
| 801 | 0 | @aCN@b北京卓展@c20191020 |
| 905 | @b1210148-51@dS865.4-64@e199=3@f4 | |
| 图说蝎子高产高效养殖关键技术/李全立,李少函编著.-3版.-郑州:河南科学技术出版社,2019 |
| 126页;21cm |
| 特种养殖致富快车 |
| ISBN 978-7-5349-9451-7:CNY19.80 |
| 本书基于编著者的宝贵养殖经验,通过图文并茂的方式重点介绍了蝎子的不同养殖方式、注意事项、病害防治等。 |
| ● |
| 相关链接 |
|
|
|
|
正题名:图说蝎子高产高效养殖关键技术
索取号:S865.4-64/199=3
 
预约/预借
| 序号 | 登录号 | 条形码 | 馆藏地/架位号 | 状态 | 备注 |
| 1 | 1210148 | 212101483 | 第二样本阅览室/ [索取号:S865.4-64/199=3] | 在馆 | |
| 2 | 1210149 | 212101492 | 第三借阅区/ [索取号:S865.4-64/199=3] | 在馆 | |
| 3 | 1210150 | 212101508 | 第三借阅区/ [索取号:S865.4-64/199=3] | 在馆 | |
| 4 | 1210151 | 212101517 | 第三借阅区/ [索取号:S865.4-64/199=3] | 在馆 |